| 000 | 00730nam a22002297a 4500 | ||
|---|---|---|---|
| 005 | 20251108173624.0 | ||
| 008 | 250721s2006 xx 000 0 ara d | ||
| 082 | 1 | 4 | _a133.901/سيد |
| 100 | 1 | _aالسيد، عبد الباسط محمد | |
| 245 | 1 | 0 | _aالطاقة الروحية : فوائد دنيوية و أخروية / |
| 264 | 1 |
_aالاهرام : _bGBS غراس للطباعة و النشر، _c2006. |
|
| 300 | _a180 ص. | ||
| 490 | 0 |
_aلمسة شفاء _v3 |
|
| 650 | 1 | 7 | _aالروحانية |
| 650 | 1 | 7 | _aالعلاج النفسي |
| 650 | 1 | 7 | _aالتنويم المغناطيسي |
| 650 | 1 | 7 | _aالروح |
| 650 | 1 | 7 | _aالإسلام |
| 650 | 1 | 7 | _aالمسيحية |
| 942 |
_2ddc _cBK |
||
| 999 |
_c108361 _d108361 |
||